00826nam a22002777a 4500001000400000003000900004005001700013007000400030008002800034020001500062040002200077092001500099100001900114240003100133245006600164260004600230300001800276490002200294700002900316830002200345942001200367945002700379952010300406956002400509999001500533098DO-SdBNP20180126142958.0098151005b19uu sp 00| 0 spa d a842331572X aBPMSUbspacBPMSU aXXXXbXXXX1 aBrown, Fredric10aKnock three-one-two /leng13aLlama 3-1-2 /cFredric Brown ; traducción Julio F. Yañez. aBarcelona :bEdiciones Destino, c[19--]. a196 pc18 cm.1 aEl observadorv7312aYañez, Julio F.etrad. 0aEl observadorn73 2ddccBK aInventariado, 2018 /LP 00102ddc40708CGaBPMETbBPMETd2015-11-05eFUNDIl0pBPMSU15110082r2015-11-05w2015-11-05yBK aYngrid Lockwardb10 c8571d8571